000 00725nam a2200241Ia 4500
003 OSt
005 20220927105430.0
006 a|||||r|||| 00| 0
007 ta
008 220926b |||||||| |||| 00| 0 eng d
024 _a170381
037 _cReference Collections
040 _aRTL
_cRTL
_beng
041 _2eng
_aeng
082 _a"X9(D4168).2.N88r, M8/GD"
110 _aSteel Authority of India limited.
_9372441
245 0 _a16th Annual Report.
260 _aIndia
_bSteel Authority ltd.
_c1988
300 _a125p.
_ccm.
700 _aSteel Authority of India limited.
_9372442
942 _h"X9(D4168).2.N88r, M8/GD"
_cCC
999 _c692503
_d692503